الإعلام عن الإسلام في غير ديار الإسلام / (Record no. 14485)
[ view plain ]
| 000 -الفاتح | |
|---|---|
| حقل البيانات ثابتة الطول | 00966nam a22001937a 4500 |
| 008 - عناصر البيانات ثابتة الطول - معلومات عامة | |
| حقل البيانات ثابتة الطول | 100715s1990 xxu||||| |||| 00| 0 ara d |
| 020 ## - الرقم الدولى المعيارى للكتب | |
| الرقم الدولى المعيارى للكتاب | 9770123404 |
| 082 ## - رقم تصنيف ديوى العشرى | |
| رقم الطبعة | 22 |
| رقم التصنيف | 297.27 |
| رقم المادة | ع ب د |
| 100 1# - المدخل الرئيسى - إسم شخصى | |
| 9 (RLIN) | 16320 |
| الإسم الشخصى | عبد الحليم ، محي الدين |
| 245 ## - بيان العنوان | |
| العنوان | الإعلام عن الإسلام في غير ديار الإسلام / |
| بيان المسئوليه,etc | محي الدين عبد الحليم |
| 260 ## - PUBLICATION, DISTRIBUTION, ETC. (IMPRINT) | |
| مكان الناشر او الموزع | القاهرة : |
| اسم الناشر او الموزع | الهيئة المصرية العامة للكتاب ، |
| تاريخ النشر أو التوزيع | 1990. |
| 300 ## - الوصف المادى | |
| التعداد | 185 ص ؛ |
| تفاصيل ماديه اخرى للوعاء | ايض : |
| أبعاد الوعاء | 24 سم. |
| 504 ## - تبصرة ببليوجرافية | |
| تبصرة ببليوجرافية,الخ | يحتوي على إرجاعات ببليوجرافية |
| 541 ## - تبصرة المصدر المباشر للتزويد | |
| مصدر التزويد | دكتور علاء عبد الغني ؛ |
| طريقة التزويد | إهداء ؛ |
| 650 ## - المدخل الاضافى بالموضوع-مصطلح موضوعى | |
| 9 (RLIN) | 16025 |
| مصطلح موضوعي أو اسم جغرافي كعنصر مدخل | الاعلام الدولي |
| 650 ## - المدخل الاضافى بالموضوع-مصطلح موضوعى | |
| 9 (RLIN) | 16321 |
| مصطلح موضوعي أو اسم جغرافي كعنصر مدخل | الاسلام والاعلام |
| 942 ## - عناصر المدخل الإضافي( كوها) | |
| مصدر التصنيف او مخطط الترفيف | Dewey Decimal Classification |
| Koha [default] item type | Book - Borrowing |
| حالة التراجع | حالة الفقد | مصدر التصنيف او خطة الترفيف | حالة تلف | ليس للاعارة | مجموعات كوها | المكان الدائم | المكان الحالي | موقع الترفيف | تاريخ الاكتساب | Source of acquisition | رقم الاستدعاء | الباركود | Date last seen | نوع الوعاء |
|---|---|---|---|---|---|---|---|---|---|---|---|---|---|---|
| Dewey Decimal Classification | Donation-Gift | Central Library | Central Library | Lower Floor | 15/07/2010 | Donation | 297.27 عبد | 000021047 | 15/07/2025 | Book - Borrowing |